000 00677nam a2200205Ia 4500
001 3296
003 GE_BSU
008 181216s||||||||xx |||||||||||||| ||und||
040 _cGE_BSU
080 _a66.02.001.2(075.8)
100 _aТуболкин,А.Ф. Тумаркина,Е.С. Румянцева,Е.С. и др.
245 _aРасчеты химико-технологических процессов.
245 _bУчебное пособие.
260 _aЛ.
260 _bХимия.
260 _c1976.
300 _a304 стр. 22 см. с илл.
653 _aРасчеты химико-технологических процессов.
942 _cBK
999 _c37337
_d37337